[Event "Oberfranken-ch M 0607"]
[Site "Schney"]
[Date "2007.01.05"]
[Round "7"]
[White "Voss, Guenther"]
[Black "Bullemer, Helmut"]
[Result "1/2-1/2"]
[WhiteElo "1946"]
[BlackElo "1835"]
[PlyCount "45"]
[EventDate "2007.01.02"]
[EventType "swiss"]
[EventRounds "9"]
[EventCountry "GER"]
[SourceTitle "EXT 2015"]
[Source "ChessBase"]
[SourceDate "2014.11.20"]
[SourceVersion "1"]
[SourceVersionDate "2014.11.20"]
[SourceQuality "1"]

1. e4 e5 2. Nf3 Nf6 3. Nc3 d6 4. d4 exd4 5. Nxd4 Be7 6. Bd3 0-0 7. 0-0 Bg4 8. f3 Bh5 9. Nf5 Nc6 10. Re1 Re8 11. Nxe7+ Qxe7 12. Bg5 Qe5 13. Qd2 Rac8 14. Kh1 h6 15. Bf4 Qe6 16. Bb5 a6 17. Bxc6 bxc6 18. Bg3 Nd7 19. Ne2 Bg6 20. Nf4 Qf6 21. Nxg6 Qxg6 22. Qa5 Nb8 23. Rad1 1/2-1/2

[Event "Oberfranken-ch M 0607"]
[Site "Schney"]
[Date "2007.01.03"]
[Round "5"]
[White "Schelbert, Roland"]
[Black "Bullemer, Helmut"]
[Result "1-0"]
[WhiteElo "1693"]
[BlackElo "1835"]
[PlyCount "129"]
[EventDate "2007.01.02"]
[EventType "swiss"]
[EventRounds "9"]
[EventCountry "GER"]
[SourceTitle "EXT 2015"]
[Source "ChessBase"]
[SourceDate "2014.11.20"]
[SourceVersion "1"]
[SourceVersionDate "2014.11.20"]
[SourceQuality "1"]

1. e4 c5 2. Nf3 d6 3. d4 cxd4 4. Nxd4 Nf6 5. Nc3 a6 6. Be2 e6 7. 0-0 Be7 8. Kh1 Nc6 9. f4 Rb8 10. Be3 Qc7 11. f5 Nxd4 12. Bxd4 e5 13. Be3 b5 14. Bg5 Bb7 15. Bxf6 Bxf6 16. Nd5 Bxd5 17. Qxd5 0-0 18. c3 Rfd8 19. Rad1 Qc5 20. Rd3 Qxd5 21. Rxd5 Kf8 22. Rfd1 Rb6 23. a3 Bg5 24. g3 Bf6 25. Kg2 Ke7 26. Kf3 h5 27. h4 Rh8 28. Kg2 g5 29. fxg6 fxg6 30. Rf1 Rf8 31. Rd3 Rbb8 32. Rb1 Rb6 33. Rd5 Rd8 34. Rf1 Rf8 35. Rf3 Rbb8 36. Kf1 Rb6 37. Ke1 Rbb8 38. Kd1 Rfc8 39. Kc2 b4 40. axb4 Rxb4 41. Bxa6 Rc7 42. Bd3 Rb6 43. Rf1 Ra7 44. Rb1 Bg7 45. Bc4 Rc6 46. b3 Ra2+ 47. Rb2 Ra1 48. Rb5 Rc7 49. Rb1 Ra2+ 50. Rb2 Ra1 51. Rb1 Ra2+ 52. Rb2 Ra1 53. Rd5 Rg1 54. Rd3 Bh6 55. Rf3 Rg2+ 56. Kb1 Rg1+ 57. Kc2 Rg2+ 58. Kb1 Rg1+ 59. Bf1 Rxf1+ 60. Rxf1 Rxc3 61. b4 Rxg3 62. b5 Kd8 63. b6 Kc8 64. Rf7 Kb8 65. b7 1-0

[Event "Oberfranken-ch Q 0506"]
[Site "Schney"]
[Date "2006.01.02"]
[Round "1"]
[White "Bullemer, Helmut"]
[Black "Backer, Manfred"]
[Result "1/2-1/2"]
[WhiteElo "1765"]
[BlackElo "1521"]
[PlyCount "84"]
[EventDate "2006.01.02"]
[EventType "swiss"]
[EventRounds "6"]
[EventCountry "GER"]
[SourceTitle "EXT 2015"]
[Source "ChessBase"]
[SourceDate "2014.11.20"]
[SourceVersion "1"]
[SourceVersionDate "2014.11.20"]
[SourceQuality "1"]

1. e4 e6 2. d4 d5 3. Nd2 c5 4. Ngf3 Nc6 5. c3 Qb6 6. exd5 exd5 7. Nb3 Nf6 8. dxc5 Bxc5 9. Nxc5 Qxc5 10. Be3 Qe7 11. h3 0-0 12. Bd3 Re8 13. 0-0 b6 14. Re1 Be6 15. Bb5 Rac8 16. Nd4 Bd7 17. Ba6 Rcd8 18. Bd3 Qd6 19. Qc2 Ne4 20. Nxc6 Qxc6 21. Bd4 h6 22. Re3 Nf6 23. Rae1 Rxe3 24. Rxe3 Re8 25. Rxe8+ Bxe8 26. Qe2 Bd7 27. Qe7 Qe6 28. Bxf6 gxf6 29. Qd8+ Be8 30. Kf1 Kf8 31. Bb5 f5 32. Qxe8+ Qxe8 33. Bxe8 Kxe8 34. Ke2 Ke7 35. Ke3 Ke6 36. a4 Ke5 37. f4+ Kd6 38. Kd4 f6 39. g4 fxg4 40. hxg4 Ke6 41. f5+ Kd6 42. b4 Kc6 1/2-1/2